Reproductive health (Record no. 56256)

MARC details
000 -LEADER
fixed length control field 00638nam a2200133 a 4500
008 - FIXED-LENGTH DATA ELEMENTS--GENERAL INFORMATION
fixed length control field 070417s9999 ||||||||||||||||| || u
050 ## - LIBRARY OF CONGRESS CALL NUMBER
Classification number USAID(01)
110 ## - MAIN ENTRY--CORPORATE NAME
Corporate name or jurisdiction name as entry element United States Agency for International Development (USAID)
245 10 - TITLE STATEMENT
Title Reproductive health
Statement of responsibility, etc. by the United States Agency for International Development
260 ## - PUBLICATION, DISTRIBUTION, ETC.
Place of publication, distribution, etc. Washington, D. C.
Name of publisher, distributor, etc. Support for Analysis and Research in Africa(SARA)
Date of publication, distribution, etc.
350 ## - PRICE (NR) (BK AM CF MU VM SE) [OBSOLETE]
Price 0.00
650 ## - SUBJECT ADDED ENTRY--TOPICAL TERM
Topical term or geographic name entry element Reproductive health--Cross-cultural studies
995 ## - RECOMMENDATION 995 [LOCAL, UNIMARC FRANCE]
-- 0.00
-- CBU-MAIN LIBRARY (Kitwe)
-- 1
-- 0.00
-- 1
-- AVAILABLE
-- Apr 17, 2007
-- International Publications
Holdings
Withdrawn status Lost status Source of classification or shelving scheme Damaged status Not for loan Home library Current library Shelving location Date acquired Total Checkouts Full call number Barcode Date last seen Price effective from Koha item type
          CBU-MAIN LIBRARY, KITWE. CBU-MAIN LIBRARY, KITWE.   11/30/2022   USAID(01) Z03001879 11/30/2022 11/30/2022 MONOGRAPH